Variaciones de la clínica ambulatoria / (Registro nro. 1375)
[ vista simple ]
| 000 -LEADER | |
|---|---|
| fixed length control field | 02938nam a2200289 a 4500 |
| 003 - CONTROL NUMBER IDENTIFIER | |
| control field | AR-BaISA |
| 005 - DATE AND TIME OF LATEST TRANSACTION | |
| control field | 20230809175605.0 |
| 006 - FIXED-LENGTH DATA ELEMENTS--ADDITIONAL MATERIAL CHARACTERISTICS | |
| fixed length control field | a||||fr|||| 00| 0 |
| 007 - PHYSICAL DESCRIPTION FIXED FIELD--GENERAL INFORMATION | |
| fixed length control field | ta |
| 008 - FIXED-LENGTH DATA ELEMENTS--GENERAL INFORMATION | |
| fixed length control field | 230809s2007 ag ||||f |||| 00| 0 spa d |
| 020 ## - INTERNATIONAL STANDARD BOOK NUMBER | |
| International Standard Book Number | 9789871660018 |
| 040 ## - CATALOGING SOURCE | |
| Language of cataloging | spa |
| Transcribing agency | AR-BaISA |
| 082 04 - DEWEY DECIMAL CLASSIFICATION NUMBER | |
| Edition number | 22 |
| Classification number | 150.195 D716 |
| 245 00 - TITLE STATEMENT | |
| Title | Variaciones de la clínica ambulatoria / |
| Statement of responsibility, etc. | Alicia Donghi y Osvaldo Rodríguez (comps.) ; con la colaboración de Liliana Vázquez; Prólogo de Osvaldo Delgado |
| 260 ## - PUBLICATION, DISTRIBUTION, ETC. | |
| Place of publication, distribution, etc. | Buenos Aires: |
| Name of publisher, distributor, etc. | JCE Ediciones, |
| Date of publication, distribution, etc. | 2009 |
| 300 ## - PHYSICAL DESCRIPTION | |
| Extent | [208] p. |
| 500 ## - GENERAL NOTE | |
| General note | La edición de este título se realiza en cumplimiento del Convenido suscripto entre la Facultad de Psicología UBA y JCE Ediciones, cf. Resolución (C.D.) Nº 1553/04. (Nota de tapa) |
| 501 ## - WITH NOTE | |
| With note | Comité editorial. Constituido conforme la citada resolución Profesor Lic. Virgilio Enzo Carriolo Profesora Lic. Alicia Noelia Cayssials Profesor D. Gustavo Eduardo González Profesor Dr. David Alberto Laznik Profesor Lic. Rodolfo Ubarri |
| 505 ## - FORMATTED CONTENTS NOTE | |
| Title | LA CLÍNICA DE SIEMPRE: |
| -- | LO DIFERENCIAL: |
| -- | Alicia Donghi / Lo diferencial -- |
| -- | Alicia Donghi / De la interrupción que es conclusión (un caso de prepsicosis) -- |
| -- | Alicia Donghi / Fobia, psicosis, perversión -- |
| -- | Osvaldo Rodríguez / Pulsión, fantasía, perversión y neurosis -- |
| -- | LA CURA: |
| -- | Pensar el psicoanálisis / Osvaldo Rodríguez -- |
| -- | Alicia Donghi / Interpretación en "acto" -- |
| -- | Alicia Donghi / El sinsentido de la interpretación -- |
| -- | Alicia Donghi / La ética del psicoanálisis no es una etiqueta -- |
| -- | Osvaldo Rodríguez / El psicoanálisis, la cura de la transferencia -- |
| -- | Osvaldo Rodríguez / ¿Solo el fin de análisis produce un analista? -- |
| -- | LA CLÍNICA ACTUAL: |
| -- | Osvaldo Rodríguez / Subjetividad contemporánea: lecturas del malestar -- |
| -- | Osvaldo Rodríguez / Aquellos viejos nuevos síntomas -- |
| -- | Liliana Vázquez / Violencia y cuerpos. Algunas marcas de hoy -- |
| -- | DEL CONSUMO: |
| -- | Alicia Donghi / Hacia un clínica del consumo responsable -- |
| -- | Alicia Donghi / Las impulsiones y sus destinos (una clínica de la bulimia) -- |
| -- | Alicia Donghi / Freud y la cocina -- |
| -- | Liliana Vázquez / Ludopatías -- |
| -- | DEL CUERPO: |
| -- | Alicia Donghi / Ataque de pánico -- |
| -- | Alicia Donghi / Psicosomáticas -- |
| -- | Liliana Vázquez / Ciberespacio: ¿Hacia una sexualidad sin cuerpos? -- |
| -- | CLÍNICA EN LAS INSTITUCIONES: |
| -- | Liliana Vázquez / El síntoma de la adicción en las instituciones -- |
| -- | Alicia Donghi / Una cuestión preliminar a todo tratamiento posible de la supervisión. La supervisión hospitalaria -- |
| -- | Alicia Donghi / El "control": un límite lógico -- |
| -- | Osvaldo Rodríguez / La práctica de la supervisión |
| 650 14 - SUBJECT ADDED ENTRY--TOPICAL TERM | |
| 9 (RLIN) | 141 |
| Topical term or geographic name entry element | Psicoanálisis |
| 650 14 - SUBJECT ADDED ENTRY--TOPICAL TERM | |
| 9 (RLIN) | 2645 |
| Topical term or geographic name entry element | Psicología clínica |
| 700 ## - ADDED ENTRY--PERSONAL NAME | |
| 9 (RLIN) | 2995 |
| Personal name | Donghi, Alicia |
| Relator term | comp. |
| 700 ## - ADDED ENTRY--PERSONAL NAME | |
| 9 (RLIN) | 3002 |
| Personal name | Rodríguez, Osvaldo |
| Relator term | comp. |
| 700 ## - ADDED ENTRY--PERSONAL NAME | |
| 9 (RLIN) | 2997 |
| Personal name | Vázquez, Liliana |
| 700 ## - ADDED ENTRY--PERSONAL NAME | |
| 9 (RLIN) | 3004 |
| Personal name | Delgado, Osvaldo |
| Relator term | prol. |
| 942 ## - ADDED ENTRY ELEMENTS (KOHA) | |
| Source of classification or shelving scheme | |
| Koha item type | Libros |
| Edition | 22 |
| Withdrawn status | Lost status | Source of classification or shelving scheme | Damaged status | Not for loan | Permanent Location | Current Location | Date acquired | Inventory number | Full call number | Barcode | Date last seen | Copy number | Price effective from | Koha item type |
|---|---|---|---|---|---|---|---|---|---|---|---|---|---|---|
| Biblioteca ISALUD. Dr. Néstor Rodríguez Campoamor | Biblioteca ISALUD. Dr. Néstor Rodríguez Campoamor | 2023-08-09 | 5036 | 150.195 D716 | 5036 | 2023-08-09 | ej. 1 | 2023-08-09 | Libros | |||||
| Biblioteca ISALUD. Dr. Néstor Rodríguez Campoamor | Biblioteca ISALUD. Dr. Néstor Rodríguez Campoamor | 2023-08-09 | 5037 | 150.195 D716 | 5037 | 2023-08-09 | ej. 2 | 2023-08-09 | Libros | |||||
| Biblioteca ISALUD. Dr. Néstor Rodríguez Campoamor | Biblioteca ISALUD. Dr. Néstor Rodríguez Campoamor | 2023-08-09 | 5038 | 150.195 D716 | 5038 | 2023-08-09 | ej. 3 | 2023-08-09 | Libros |
